Peace through media / (Record no. 11264)
[ view plain ]
| 000 -LEADER | |
|---|---|
| fixed length control field | 00731nam a22002177a 4500 |
| 008 - FIXED-LENGTH DATA ELEMENTS--GENERAL INFORMATION | |
| fixed length control field | 181024b ||||| |||| 00| 0 eng d |
| 020 ## - INTERNATIONAL STANDARD BOOK NUMBER | |
| International Standard Book Number | 978-1-4331-3024-3 |
| 082 ## - DEWEY DECIMAL CLASSIFICATION NUMBER | |
| Edition number | 2018 |
| Classification number | DC 070.433 |
| Item number | R346 |
| 100 ## - MAIN ENTRY--PERSONAL NAME | |
| Personal name | Rhodes, Leara D. |
| 9 (RLIN) | 32435 |
| 245 ## - TITLE STATEMENT | |
| Title | Peace through media / |
| Statement of responsibility, etc. | Leara D. Rhodes |
| 260 ## - PUBLICATION, DISTRIBUTION, ETC. (IMPRINT) | |
| Place of publication, distribution, etc. | New York: |
| Name of publisher, distributor, etc. | Peter Lang Pub,Inc., |
| Date of publication, distribution, etc. | ©2018. |
| 300 ## - PHYSICAL DESCRIPTION | |
| Extent | xi, 201 pages: |
| Other physical details | illustrations; |
| Dimensions | 22 cm |
| 500 ## - GENERAL NOTE | |
| General note | Includes references and appendix. |
| 650 ## - SUBJECT ADDED ENTRY--TOPICAL TERM | |
| Topical term or geographic name as entry element | War - Press coverage. |
| 9 (RLIN) | 32436 |
| 650 ## - SUBJECT ADDED ENTRY--TOPICAL TERM | |
| Topical term or geographic name as entry element | Conflict - Press coverage. |
| 9 (RLIN) | 32437 |
| 650 ## - SUBJECT ADDED ENTRY--TOPICAL TERM | |
| Topical term or geographic name as entry element | Mass media and peace. |
| 9 (RLIN) | 32438 |
| 650 ## - SUBJECT ADDED ENTRY--TOPICAL TERM | |
| Topical term or geographic name as entry element | Journalistic ethics. |
| 9 (RLIN) | 32439 |
| 650 ## - SUBJECT ADDED ENTRY--TOPICAL TERM | |
| Topical term or geographic name as entry element | Journalism - Political aspects. |
| 9 (RLIN) | 32440 |
| 365 ## - TRADE PRICE | |
| Price amount | 3,995.00 |
| Currency code | Php. |
| 942 ## - ADDED ENTRY ELEMENTS (KOHA) | |
| Source of classification or shelving scheme | Dewey Decimal Classification |
| Koha item type | Circulation |
| Withdrawn status | Lost status | Source of classification or shelving scheme | Damaged status | Not for loan | Collection code | Home library | Current library | Shelving location | Date acquired | Source of acquisition | Cost, normal purchase price | Total Checkouts | Full call number | Barcode | Date last seen | Copy number | Price effective from | Koha item type |
|---|---|---|---|---|---|---|---|---|---|---|---|---|---|---|---|---|---|---|
| Dewey Decimal Classification | Circulation | UM Digos College - LIC | UM Digos College - LIC | Book Cart | 08/29/2018 | Purchased | 3995.00 | DC 070.433 R346 2018 | 25300 | 05/15/2025 | 1 | 10/24/2018 | Circulation |
